000 00366nam a2200145Ia 4500
008 230312s9999||||xx |||||||||||||| ||und||
020 _a0-07-180213-0
082 _a616
_bKAS-H
100 _aKasper;Dennis.L
245 0 _aHarrison's Principles of Internal Medicine
260 _bMcGrawHill
_aUSA
_c2015
300 _a1010
650 _aMedical
_vMedicine
942 _cBK
999 _c6438
_d6438